00285nam a2200109Ia 45000010005000000080041000050200014000460820026000601000018000862450054001042600017001581055241024s9999 xx 000 0 und d a1012-9472 a[*SIN CLASIFICACION*] a[*SIN AUTOR*] 0aBoletín del Archivo General de la Nación BAGN bEditora Buho